THE DOCTORS BOOK OF HOME REMEDIES (Record no. 1769)
[ view plain ]
| 000 -LEADER | |
|---|---|
| fixed length control field | 00316nam a22001337a 4500 |
| 020 ## - INTERNATIONAL STANDARD BOOK NUMBER | |
| ISBN | 962-258-267-2 |
| 082 ## - DEWEY DECIMAL CLASSIFICATION NUMBER | |
| Classification number | 828 |
| Item number | BAR/D |
| 100 ## - MAIN ENTRY--AUTHOR NAME | |
| Personal name | BARONE, DON |
| 245 ## - TITLE STATEMENT | |
| Title | THE DOCTORS BOOK OF HOME REMEDIES |
| 260 ## - PUBLICATION, DISTRIBUTION, ETC. (IMPRINT) | |
| Place of publication | HONG KONG |
| Name of publisher | PRASONS WALTON PRESS |
| Year of publication | 2002 |
| 300 ## - PHYSICAL DESCRIPTION | |
| Number of Pages | 676 |
| 650 ## - SUBJECT ADDED ENTRY--TOPICAL TERM | |
| Topical Term | HEALTH CARE |
| Geographic subdivision | INDIA |
| 942 ## - ADDED ENTRY ELEMENTS (KOHA) | |
| Koha item type | Books |
| Withdrawn status | Lost status | Collection code | Home library | Current library | Shelving location | Date acquired | Source of acquisition | Full call number | Accession Number | Koha item type |
|---|---|---|---|---|---|---|---|---|---|---|
| Reference | Main Library | Main Library | SHELF 1-B DICTIONARIES& ENCYCLOPEDIAS | 21/06/2004 | purchase | 828 BAR/D | 01625 | Books |